[Event "Oberliga Ost-B 1213"]
[Site "Germany"]
[Date "2012.12.09"]
[Round "4.5"]
[White "Holvason, Juri"]
[Black "Reichel, Norbert"]
[Result "1-0"]
[WhiteElo "2121"]
[BlackElo "2133"]
[PlyCount "63"]
[EventDate "2012.09.30"]
[EventType "team-tourn"]
[EventRounds "11"]
[EventCountry "GER"]
[SourceTitle "EXT 2014"]
[Source "ChessBase"]
[SourceDate "2013.11.20"]
[SourceVersion "1"]
[SourceVersionDate "2013.11.20"]
[SourceQuality "1"]
[WhiteTeam "Frankfurt BvK"]
[BlackTeam "Erfurt Medizin"]
[WhiteTeamCountry "GER"]
[BlackTeamCountry "GER"]

1. e4 c5 2. Nf3 Nc6 3. Bb5 g6 4. 0-0 Bg7 5. h3 d6 6. Bxc6+ bxc6 7. d3 Nh6 8. Nc3 0-0 9. Re1 Rb8 10. Bd2 f6 11. Rb1 Nf7 12. Be3 e5 13. a3 Qe7 14. b4 cxb4 15. axb4 Bh6 16. Bxh6 Nxh6 17. d4 Be6 18. Qc1 Nf7 19. d5 cxd5 20. exd5 Bd7 21. Qa3 Rbc8 22. Rb3 Rc7 23. Nd4 Qd8 24. Ne6 Bxe6 25. dxe6 Ng5 26. Nd5 Nxe6 27. Nxc7 Qxc7 28. Rc3 Qd7 29. Qa2 Rf7 30. Ra3 Nd4 31. Ra1 Nc6 32. c3 1-0

[Event "Frankfurt-chA"]
[Site "Frankfurt"]
[Date "2012.06.18"]
[Round "7"]
[White "Holvason, Juri"]
[Black "Mager, Denis"]
[Result "1-0"]
[WhiteElo "2125"]
[BlackElo "1924"]
[PlyCount "71"]
[EventDate "2012.04.30"]
[EventType "swiss"]
[EventRounds "7"]
[EventCountry "GER"]
[SourceTitle "EXT 2013"]
[Source "ChessBase"]
[SourceDate "2012.11.22"]
[SourceVersion "1"]
[SourceVersionDate "2012.11.22"]
[SourceQuality "1"]

1. g3 d5 2. Bg2 Nf6 3. Nf3 c5 4. 0-0 Nc6 5. d3 e5 6. c3 Be7 7. Qc2 0-0 8. e4 d4 9. Nbd2 Ne8 10. Nc4 Qc7 11. a4 Be6 12. Ne1 Bxc4 13. dxc4 Nd6 14. b3 dxc3 15. Qxc3 Nd4 16. Ra2 Bf6 17. Be3 Rfe8 18. Bxd4 exd4 19. Qd3 g6 20. f4 Bg7 21. Re2 a6 22. g4 f6 23. Qg3 Nf7 24. Nd3 Re7 25. e5 fxe5 26. f5 Bh6 27. Bd5 Be3+ 28. Rxe3 dxe3 29. fxg6 hxg6 30. Qxe3 Kg7 31. Nxc5 Qc8 32. h3 Nh6 33. Qf2 Kh7 34. Ne4 Ng8 35. Qh4+ Kg7 36. Bxg8 1-0

[Event "Keres Memorial rap qual 21st"]
[Site "Tallinn"]
[Date "2012.01.07"]
[Round "7"]
[White "Holvason, Juri"]
[Black "Rauk, Tonu"]
[Result "0-1"]
[WhiteElo "2122"]
[BlackElo "2205"]
[PlyCount "94"]
[EventDate "2012.01.06"]
[EventType "swiss (rapid)"]
[EventRounds "7"]
[EventCountry "EST"]
[SourceTitle "CBM 146 Extra"]
[Source "ChessBase"]
[SourceDate "2012.02.29"]
[SourceVersion "1"]
[SourceVersionDate "2012.02.29"]
[SourceQuality "1"]

1. e4 c5 2. Nf3 e6 3. d4 cxd4 4. Nxd4 a6 5. Bd3 Nf6 6. 0-0 d6 7. Qe2 Bd7 8. c4 Nc6 9. Nxc6 Bxc6 10. Nc3 Be7 11. Be3 0-0 12. Rad1 Qa5 13. h3 b5 14. cxb5 axb5 15. Nxb5 Qxa2 16. Nc3 Qb3 17. g4 Rab8 18. Rb1 Qb4 19. Bd2 Qb7 20. b4 Be8 21. b5 Nd7 22. Rfc1 Nc5 23. Bc4 Bf6 24. f3 Bd7 25. Be3 Rfc8 26. Bf4 Qb6 27. Kg2 Rb7 28. Be3 Qc7 29. g5 Bxc3 30. Rxc3 Na4 31. Rcc1 Nc5 32. h4 Rcb8 33. h5 Qa5 34. Bd2 Qd8 35. Rd1 d5 36. exd5 exd5 37. Bxd5 Bh3+ 38. Kxh3 Qxd5 39. Bf4 Qf5+ 40. Kg3 Ne6 41. Bxb8 Qxg5+ 42. Kf2 Rxb8 43. Rg1 Qh4+ 44. Kf1 Nf4 45. Qe5 Qh3+ 46. Kf2 Nd3+ 47. Ke2 Nxe5 0-1

[Event "EST-ch"]
[Site "Tartu"]
[Date "2010.04.03"]
[Round "8"]
[White "Sepp, Olav"]
[Black "Holvason, Juri"]
[Result "1-0"]
[WhiteElo "2442"]
[BlackElo "2118"]
[PlyCount "91"]
[EventDate "2010.03.27"]
[EventType "tourn"]
[EventRounds "9"]
[EventCountry "EST"]
[EventCategory "3"]
[SourceTitle "CBM 135 Extra"]
[Source "ChessBase"]
[SourceDate "2010.05.04"]
[SourceVersion "1"]
[SourceVersionDate "2010.05.04"]
[SourceQuality "1"]

1. e4 c5 2. d3 Nc6 3. g3 g6 4. Bg2 Bg7 5. f4 d6 6. Nf3 e6 7. c3 Nge7 8. 0-0 0-0 9. Be3 b6 10. Bf2 Ba6 11. Re1 Qc7 12. Qd2 Rac8 13. Na3 d5 14. e5 d4 15. c4 Rb8 16. Rac1 Qd7 17. g4 Bb7 18. Nc2 a6 19. Bg3 Na7 20. b3 b5 21. Ng5 bxc4 22. bxc4 Bxg2 23. Qxg2 h6 24. Ne4 Kh8 25. Nxc5 Qc8 26. Nb3 Nac6 27. Qe4 Rd8 28. Bf2 Qd7 29. Rb1 g5 30. fxg5 Bxe5 31. Qf3 Ng6 32. gxh6 Rg8 33. Kh1 Qd6 34. Nd2 f5 35. Rxb8 Nxb8 36. gxf5 exf5 37. Qd5 Qxd5+ 38. cxd5 Rd8 39. Nb4 a5 40. Nc6 Nxc6 41. dxc6 Kh7 42. Nf3 Bf4 43. Nxd4 Kxh6 44. Ne6 Rxd3 45. Nxf4 Nxf4 46. Be3 1-0

[Event "EST-ch"]
[Site "Tartu"]
[Date "2010.04.01"]
[Round "6"]
[White "Kanep, Meelis"]
[Black "Holvason, Juri"]
[Result "0-1"]
[WhiteElo "2518"]
[BlackElo "2118"]
[PlyCount "100"]
[EventDate "2010.03.27"]
[EventType "tourn"]
[EventRounds "9"]
[EventCountry "EST"]
[EventCategory "3"]
[SourceTitle "CBM 135 Extra"]
[Source "ChessBase"]
[SourceDate "2010.05.04"]
[SourceVersion "1"]
[SourceVersionDate "2010.05.04"]
[SourceQuality "1"]

1. d4 Nf6 2. c4 g6 3. Nc3 Bg7 4. e4 d6 5. f3 0-0 6. Nge2 c5 7. Be3 Nc6 8. d5 Ne5 9. Ng3 e6 10. Be2 exd5 11. cxd5 h5 12. 0-0 Nh7 13. Qd2 h4 14. Nh1 f5 15. Nf2 a6 16. a4 Bd7 17. Kh1 Qa5 18. exf5 gxf5 19. Bh6 Rae8 20. Bxg7 Kxg7 21. Nh3 Qb4 22. Nf4 Qd4 23. Qc1 Nf7 24. Rd1 Qb4 25. g3 Nf6 26. gxh4 Rg8 27. a5 Kh7 28. Qd2 Rxe2 29. Nfxe2 Qxh4 30. Rg1 Ng5 31. Qe3 Nh5 32. f4 Re8 33. Qxe8 Bxe8 34. fxg5 Kg6 35. Raf1 Bb5 36. Rg2 f4 37. Rf3 Bxe2 38. Nxe2 Qe1+ 39. Ng1 Qe4 40. Rd2 Ng7 41. h3 Nf5 42. Kh2 Nh4 43. Rf1 Qe3 44. Rdf2 Qg3+ 45. Kh1 Kh5 46. Rh2 f3 47. Ne2 fxe2 48. Rxe2 Qxh3+ 49. Kg1 Qg4+ 50. Kf2 Qf3+ 0-1

[Event "EST-ch"]
[Site "Tartu"]
[Date "2010.03.29"]
[Round "3"]
[White "Vorobjov, Pavel"]
[Black "Holvason, Juri"]
[Result "1/2-1/2"]
[WhiteElo "2101"]
[BlackElo "2118"]
[PlyCount "80"]
[EventDate "2010.03.27"]
[EventType "tourn"]
[EventRounds "9"]
[EventCountry "EST"]
[EventCategory "3"]
[SourceTitle "CBM 135 Extra"]
[Source "ChessBase"]
[SourceDate "2010.05.04"]
[SourceVersion "1"]
[SourceVersionDate "2010.05.04"]
[SourceQuality "1"]

1. e4 c5 2. Nf3 Nc6 3. d4 cxd4 4. Nxd4 Nf6 5. Nc3 e5 6. Ndb5 d6 7. Nd5 Nxd5 8. exd5 Nb8 9. c4 a6 10. Nc3 Be7 11. Be2 f5 12. 0-0 0-0 13. f4 Nd7 14. Kh1 Bf6 15. Qc2 g6 16. Be3 exf4 17. Bxf4 Ne5 18. Rad1 Qc7 19. b4 b6 20. Be3 Re8 21. Bd4 Bd7 22. c5 bxc5 23. bxc5 dxc5 24. Ne4 fxe4 25. Rxf6 Qd8 26. Bxe5 Rxe5 27. Rxa6 Rxa6 28. Bxa6 Qb6 29. Qc3 Qd6 30. Bc4 Rh5 31. h3 Bg4 32. Rf1 Bf3 33. Kg1 Rxh3 34. Rxf3 exf3 35. gxh3 Qg3+ 36. Kf1 Qg2+ 37. Ke1 f2+ 38. Kd1 f1Q+ 39. Bxf1 Qxf1+ 40. Kc2 Qe2+ 1/2-1/2

[Event "EST-ch"]
[Site "Tartu"]
[Date "2010.03.28"]
[Round "2"]
[White "Holvason, Juri"]
[Black "Volodin, Aleksandr"]
[Result "0-1"]
[WhiteElo "2118"]
[BlackElo "2419"]
[PlyCount "102"]
[EventDate "2010.03.27"]
[EventType "tourn"]
[EventRounds "9"]
[EventCountry "EST"]
[EventCategory "3"]
[SourceTitle "CBM 135 Extra"]
[Source "ChessBase"]
[SourceDate "2010.05.04"]
[SourceVersion "1"]
[SourceVersionDate "2010.05.04"]
[SourceQuality "1"]

1. e4 c5 2. Nf3 e6 3. d4 cxd4 4. Nxd4 Nc6 5. Nc3 Qc7 6. Be3 Nf6 7. Qd2 Bb4 8. f3 a6 9. g4 0-0 10. 0-0-0 Ne5 11. Be2 b5 12. Bf4 Bb7 13. a3 Be7 14. Bxe5 Qxe5 15. f4 Qc7 16. e5 Bxh1 17. exf6 Bd6 18. Ndxb5 axb5 19. Nxb5 Qc6 20. Qxd6 Rfb8 21. fxg7 Qxd6 22. Rxd6 Rb7 23. c4 Bc6 24. Nd4 Be4 25. Nb5 Bc6 26. Nc3 Kxg7 27. h4 Kf8 28. Rd1 Ke7 29. Bd3 h6 30. Rd2 f6 31. g5 f5 32. Be2 Rbb8 33. Rd3 hxg5 34. hxg5 Rh8 35. Kb1 Rh4 36. Ka2 Rxf4 37. Rh3 Rf2 38. Rh7+ Kd6 39. g6 Rg2 40. g7 Rg8 41. Rh3 R8xg7 42. Rd3+ Kc7 43. a4 f4 44. Ka3 R7g3 45. a5 f3 46. Bf1 Rg1 47. Rd1 f2 48. Kb4 Rxc3 49. Kxc3 Bg2 50. Kb4 Bxf1 51. a6 Bg2 0-1

[Event "EST-ch U20"]
[Site "Tallinn"]
[Date "2010.??.??"]
[Round "1"]
[White "Volodin, Aleksandr"]
[Black "Holvason, Juri"]
[Result "0-1"]
[WhiteElo "2439"]
[BlackElo "2130"]
[PlyCount "62"]
[EventDate "2010.05.13"]
[EventType "tourn"]
[EventRounds "7"]
[EventCountry "EST"]
[SourceTitle "EXT 2018"]
[Source "ChessBase"]
[SourceDate "2017.10.13"]
[SourceVersion "1"]
[SourceVersionDate "2017.10.13"]
[SourceQuality "1"]

1. d4 Nf6 2. Nf3 g6 3. g3 Bg7 4. Bg2 0-0 5. 0-0 d6 6. c4 Nbd7 7. Qc2 e5 8. dxe5 dxe5 9. e4 c6 10. Rd1 Qc7 11. h3 Nc5 12. Nc3 a5 13. Be3 Nfd7 14. Rd2 Ne6 15. Rad1 f5 16. exf5 gxf5 17. Ng5 Ndc5 18. Nxe6 Nxe6 19. Na4 f4 20. Bb6 Qe7 21. Re1 Qg5 22. h4 Qg4 23. Kh2 Bh6 24. Qd1 Qg7 25. Rd6 Kh8 26. Qh5 Qe7 27. Qxh6 Qxd6 28. Bc5 Qd2 29. Bxf8 Qxe1 30. Nc5 Qxf2 31. g4 f3 0-1

[Event "Tallinn-ch final"]
[Site "Tallinn"]
[Date "2009.12.18"]
[Round "8"]
[White "Valner, Uku"]
[Black "Holvason, Juri"]
[Result "1-0"]
[WhiteElo "2190"]
[BlackElo "2123"]
[PlyCount "99"]
[EventDate "2009.12.11"]
[EventType "tourn"]
[EventRounds "9"]
[EventCountry "EST"]
[SourceTitle "EXT 2011"]
[Source "ChessBase"]
[SourceDate "2010.11.26"]
[SourceVersion "1"]
[SourceVersionDate "2010.11.26"]
[SourceQuality "1"]

1. e4 c5 2. Nc3 Nc6 3. g3 g6 4. Bg2 Bg7 5. d3 d6 6. f4 Rb8 7. Nf3 b5 8. 0-0 b4 9. Ne2 Nf6 10. h3 0-0 11. Be3 Ba6 12. Re1 c4 13. Ned4 Nxd4 14. Nxd4 Rc8 15. a3 e5 16. Ne2 b3 17. d4 Bb7 18. cxb3 Nxe4 19. bxc4 f5 20. Rc1 Qe7 21. fxe5 dxe5 22. d5 Qd7 23. b4 h5 24. Qd3 h4 25. g4 Nf6 26. Bg5 fxg4 27. Bxh4 e4 28. Qe3 Nh5 29. hxg4 Qxg4 30. Qh3 Qf5 31. Rf1 Qxh3 32. Rxf8+ Rxf8 33. Bxh3 Bh6 34. Rf1 g5 35. Rxf8+ Kxf8 36. Bf2 Nf4 37. Bg4 a6 38. Ng3 Nxd5 39. cxd5 Bxd5 40. Nf5 Bg7 41. Bc5+ Kf7 42. Nxg7 Kxg7 43. Kf2 Kf6 44. Ke3 Bb7 45. Kd4 Bc6 46. Bc8 Ba8 47. Bd6 Kg6 48. Bxa6 Kh5 49. Be2+ Kh4 50. Be7 1-0

[Event "Tallinn-ch final"]
[Site "Tallinn"]
[Date "2009.12.15"]
[Round "5"]
[White "Holvason, Juri"]
[Black "Moltsanov, Ivan"]
[Result "0-1"]
[WhiteElo "2123"]
[BlackElo "2098"]
[PlyCount "86"]
[EventDate "2009.12.11"]
[EventType "tourn"]
[EventRounds "9"]
[EventCountry "EST"]
[SourceTitle "EXT 2011"]
[Source "ChessBase"]
[SourceDate "2010.11.26"]
[SourceVersion "1"]
[SourceVersionDate "2010.11.26"]
[SourceQuality "1"]

1. e4 c5 2. Nf3 e6 3. d4 cxd4 4. Nxd4 a6 5. Bd3 Bc5 6. Nb3 Ba7 7. Qg4 Nf6 8. Qg3 d6 9. Nc3 Nc6 10. 0-0 Ne5 11. Bg5 h6 12. Bd2 Ng6 13. Kh1 e5 14. Nd5 Be6 15. Ba5 b6 16. Bd2 Bb8 17. Be3 Bxd5 18. exd5 e4 19. Be2 Nxd5 20. Bd4 Ndf4 21. Qe3 d5 22. Bxb6 Qg5 23. g3 Nxe2 24. Qxe2 0-0 25. f4 Qf5 26. Rad1 Bd6 27. c4 dxc4 28. Qxc4 Be7 29. Rfe1 Bf6 30. Rxe4 Bxb2 31. Rd5 Qf6 32. Ba5 Rac8 33. Rc5 Rce8 34. Kg2 Ba3 35. Bc3 Nh4+ 36. Kh3 Qg6 37. Rce5 Rxe5 38. fxe5 Qf5+ 39. Rg4 h5 40. gxh4 Rc8 41. Kg2 hxg4 42. Qxa6 Rxc3 43. Qxa3 Rc2+ 0-1

[Event "Baltic Sea Chess Stars"]
[Site "Narva"]
[Date "2009.10.06"]
[Round "3.5"]
[White "Reimanis, Ritvars"]
[Black "Holvason, Juri"]
[Result "1/2-1/2"]
[WhiteElo "2100"]
[BlackElo "2129"]
[PlyCount "39"]
[EventDate "2009.10.05"]
[EventType "team-tourn"]
[EventRounds "7"]
[EventCountry "EST"]
[SourceTitle "EXT 2011"]
[Source "ChessBase"]
[SourceDate "2010.11.26"]
[SourceVersion "1"]
[SourceVersionDate "2010.11.26"]
[SourceQuality "1"]
[WhiteTeam "Latvia (U18)"]
[BlackTeam "Estonia (U18)"]
[WhiteTeamCountry "LAT"]
[BlackTeamCountry "EST"]

1. d4 Nf6 2. c4 g6 3. Nc3 Bg7 4. e4 d6 5. f3 0-0 6. Be3 c5 7. Nge2 Nc6 8. Qd2 a6 9. Rd1 cxd4 10. Nxd4 Re8 11. Be2 h5 12. Kf2 Bd7 13. Rhe1 Qa5 14. Nb3 Qc7 15. Rc1 Rac8 16. Nd5 Qb8 17. Nb6 Rcd8 18. Red1 Ne5 19. Kg1 Bc6 20. Nd5 1/2-1/2

[Event "EU-ch U18 19th"]
[Site "Fermo"]
[Date "2009.09.07"]
[Round "7"]
[White "Holvason, Juri"]
[Black "Ketzetzis, Georgios"]
[Result "1-0"]
[WhiteElo "2118"]
[BlackElo "2222"]
[PlyCount "121"]
[EventDate "2009.08.31"]
[EventType "swiss"]
[EventRounds "9"]
[EventCountry "ITA"]
[SourceTitle "CBM 132 Extra"]
[Source "ChessBase"]
[SourceDate "2009.11.03"]
[SourceVersion "1"]
[SourceVersionDate "2009.11.03"]
[SourceQuality "1"]

1. e4 c5 2. Nf3 Nc6 3. d4 cxd4 4. Nxd4 Nf6 5. Nc3 e5 6. Ndb5 d6 7. Bg5 a6 8. Na3 b5 9. Bxf6 gxf6 10. Nd5 f5 11. Bd3 Be6 12. 0-0 Bxd5 13. exd5 Ne7 14. Qh5 e4 15. Be2 Bg7 16. c3 0-0 17. Nc2 Rc8 18. Rad1 Qd7 19. g3 a5 20. Ne3 b4 21. cxb4 axb4 22. b3 Rc3 23. Qg5 h6 24. Qf4 Ra8 25. Rd2 Kh7 26. Qh4 Rd8 27. Bb5 Qc7 28. Nxf5 Nxf5 29. Qxe4 Qc8 30. Bd3 Rxd3 31. Rxd3 Re8 32. Qxb4 Qa6 33. Qd2 Qa7 34. Re1 Rc8 35. Qf4 Nd4 36. Re4 Be5 37. Qe3 Qxa2 38. Rexd4 Bxd4 39. Rxd4 Rb8 40. Qe4+ Kh8 41. Kg2 Qxb3 42. Qf4 Kg7 43. Qxd6 Re8 44. Qd7 Re5 45. Rg4+ Rg5 46. Rxg5+ hxg5 47. Qf5 f6 48. Qd7+ Kg6 49. Qc6 g4 50. d6 Qe6 51. Qc2+ Kg7 52. Qd3 Kf7 53. Qh7+ Ke8 54. Qe7+ Qxe7 55. dxe7 Kxe7 56. f3 f5 57. h3 gxh3+ 58. Kxh3 Kf6 59. Kh4 Kg6 60. g4 fxg4 61. Kxg4 1-0

[Event "EST-ch"]
[Site "Rakvere"]
[Date "2009.02.26"]
[Round "9"]
[White "Holvason, Juri"]
[Black "Haitin, Ilja"]
[Result "1/2-1/2"]
[WhiteElo "2108"]
[BlackElo "2283"]
[PlyCount "20"]
[EventDate "2009.02.20"]
[EventType "tourn"]
[EventRounds "9"]
[EventCountry "EST"]
[EventCategory "4"]
[SourceTitle "CBM 128 Extra"]
[Source "ChessBase"]
[SourceDate "2009.03.05"]
[SourceVersion "2"]
[SourceVersionDate "2009.03.25"]
[SourceQuality "1"]

1. d4 Nf6 2. c4 e6 3. Nc3 Bb4 4. Qc2 d5 5. cxd5 Qxd5 6. Nf3 Qf5 7. Qxf5 exf5 8. a3 Bd6 9. Nb5 Be6 10. Nxd6+ cxd6 1/2-1/2